000 00583nam a2200181Ia 4500
005 20250326125609.0
008 250326s9999 xx 000 0 und d
037 _aTextbook
040 _aFMSL
_beng
_cFMSL
041 _aeng
_2eng
084 _aX8(A):P111:4k K9
_qFMSL
100 _aDepart OF Employment And Productivity
_9739360
245 0 _aGlossary of training terms
_cDepart OF Employment And Productivity
260 _aLondon
_bLondon, Her Majesty's Stationery Office
_c1969
300 _a52p
942 _cTB
_hX8(A):P111:4k K9
999 _c1278739
_d1278739